000 02331nam a2200385 4500
001 14040
003 http://catalogue.bnf.fr/ark:/12148/cb48727015x
005 20260326095752.0
010 _a9782487746237
_d15 EUR
073 0 _a9782487746237
090 _a14040
099 _o0
100 _a20260311d2026 m y0frey50 ba
101 0 _afre
102 _aFR
105 _a||||z 00|||
181 0 _601
_ai
_bxxxe
181 _602
_ctxt
_2rdacontent
182 0 _601
_an
182 _602
_cn
_2rdamedia
200 1 _aJ'adore ma VIE
_bTexte imprimé
_esuivi de Gilbert
214 0 _cEsse que éditions
_d2026
214 3 _cImpr. Typolibris
214 0 _aPantin
214 3 _a22-Saint-Brieuc cedex 9
215 _a1 vol. (168 p.)
215 _d19 cm
225 1 _aThéâtre musical
330 _aJ adore ma VIE Théâtre Musical Elle s appelle Trousse, comme une trousse. Il s appelle Bacon, comme le bacon. Ils ont un fils de trois ans, Kant. Ils vivent à la Grande Époque de nos Jours. Trousse a une révélation. Elle veut faire quelque chose d important dans sa vie. Sur ce, arrive Chair Fraîche. C est à ce moment-là que tout va vraiment commencer. Fable sentimentale contemporaine sur la réalisation de soi, J adore ma VIE prend la forme d une comédie musicale à la fois détonante et émouvante. Gilbert Petite forme théâtrale et musicale dédiée au hors les murs Simone tombe amoureuse de Gilbert. Gilbert tombera-t-il amoureux de Simone? Une table, trois chaises, trois comédiens qui jouent et chantent suffisent à donner vie à ce récit loufoque et jouissif. Sonia Bester est autrice, metteuse en scène et directrice artistique de la compagnie de théâtre musical Madamelune. Elle a écrit et mis en scène plusieurs spectacles dont La Tragédie du Belge, Ah! Félix (n est pas le bon titre), Comprendre ( Lauréat Fonds SACD Théâtre). Avec le diptyque J adore ma VIE et Gilbert, elle continue de creuser son sillon, faisant entendre sa voix décalée, drôle et poétique, pleine de fantaisie.
610 _amusique
_acomédie musicale
_acouple
_aamour
700 _aBester
_bSonia
700 _cAuteur du texte
801 0 _aFR
_bFR-751131015
_c20260311
_gAFNOR
_hFRBNF48727015000000X
856 2 _u1187136
_bPremière de couverture
856 2 _u1187137
_bQuatrième de couverture